000 00340nam a2200145Ia 4500
005 20251222151310.0
008 251222s9999||||xx |||||||||||||| ||spa||
020 _a978849035960
082 _a337/K84/2016
100 _aKrugman R., Paul
245 0 _aEconomía Internacional:
250 _a10ma. ed.
264 _bPEARSON
942 _cLIB
999 _c23314
_d23314